| 000 | 00440nam a2200181Ia 4500 | ||
|---|---|---|---|
| 008 | 151018s9999 xx 000 0 und d | ||
| 082 |
_bRBASDV1662 _a920 |
||
| 100 | _aSamuel Johnson | ||
| 245 | _aLives of poets vol 1-2 | ||
| 250 | _b- | ||
| 260 |
_b- _c1937 |
||
| 300 | _a528 | ||
| 600 | _aSamuel Johnson | ||
| 630 | _aLives of poets vol 1-2 | ||
| 700 | _aSamuel Johnson | ||
| 730 | _aLives of poets vol 1-2 | ||
| 942 | _cBOOK | ||
| 999 |
_c1004089 _d1004086 |
||